Informe Conjunto Colombia: Al Filo de la Oportunidad / (Registro nro. 6068)
[ vista simple ]
| 000 -LEADER | |
|---|---|
| fixed length control field | 01219nam a2200301Ia 4500 |
| 003 - CONTROL NUMBER IDENTIFIER | |
| control field | OSt |
| 005 - DATE AND TIME OF LATEST TRANSACTION | |
| control field | 20200825170839.0 |
| 008 - FIXED-LENGTH DATA ELEMENTS--GENERAL INFORMATION | |
| fixed length control field | 191128s1995 ck gr 000 0 spa d |
| 020 ## - INTERNATIONAL STANDARD BOOK NUMBER | |
| International Standard Book Number | 1801200 |
| 040 ## - CATALOGING SOURCE | |
| Original cataloging agency | Co-JMCR |
| Transcribing agency | Co-JMCR |
| 041 0# - LANGUAGE CODE | |
| Language code of text/sound track or separate title | spa |
| 082 04 - DEWEY DECIMAL CLASSIFICATION NUMBER | |
| Classification number | 370 .115 |
| Item number | P923i |
| Edition number | 23 |
| 082 ## - DEWEY DECIMAL CLASSIFICATION NUMBER | |
| Item number | M37 |
| 110 2# - MAIN ENTRY--CORPORATE NAME | |
| Corporate name or jurisdiction name as entry element | Colombia. Presidencia de la República - Colsiencias |
| 9 (RLIN) | 9237 |
| 245 10 - TITLE STATEMENT | |
| Title | Informe Conjunto Colombia: Al Filo de la Oportunidad / |
| Statement of responsibility, etc. | Presidencia de la República - Colsiencias ; edición Manuel Hernández B., Susana Ortiz O |
| 250 ## - EDITION STATEMENT | |
| Edition statement | Primera edición |
| 260 ## - PUBLICATION, DISTRIBUTION, ETC. | |
| Place of publication, distribution, etc. | Bogotá : |
| Name of publisher, distributor, etc. | Zeta periodismo, |
| Date of publication, distribution, etc. | 1995. |
| 300 ## - PHYSICAL DESCRIPTION | |
| Extent | 241 páginas ; |
| Dimensions | 24 cm. |
| 440 ## - SERIES STATEMENT/ADDED ENTRY--TITLE | |
| Title | n |
| 9 (RLIN) | 9238 |
| 490 0# - SERIES STATEMENT | |
| Series statement | Colección Documentos de la Misión |
| 505 0# - FORMATTED CONTENTS NOTE | |
| Formatted contents note | Instalación de la misión -- Entrega del informe conjunto de la misión -- Por un país al alcance de los niños -- Ciencia, educación y desarrollo -- Situación nacional e internacional -- Organizaciones, Educación, ciencia y tecnología |
| 650 24 - SUBJECT ADDED ENTRY--TOPICAL TERM | |
| Topical term or geographic name entry element | Informe |
| 9 (RLIN) | 9239 |
| 650 24 - SUBJECT ADDED ENTRY--TOPICAL TERM | |
| Topical term or geographic name entry element | Educación desarrollo |
| 9 (RLIN) | 9240 |
| 650 24 - SUBJECT ADDED ENTRY--TOPICAL TERM | |
| Topical term or geographic name entry element | Educación |
| 9 (RLIN) | 9241 |
| 700 1# - ADDED ENTRY--PERSONAL NAME | |
| Personal name | Hernadez B., Manual, |
| Relator term | editor |
| 9 (RLIN) | 9242 |
| 700 1# - ADDED ENTRY--PERSONAL NAME | |
| Personal name | Ortiz O., Susana, |
| Dates associated with a name | editora |
| 9 (RLIN) | 9243 |
| 942 ## - ADDED ENTRY ELEMENTS (KOHA) | |
| Source of classification or shelving scheme | Dewey Decimal Classification |
| Koha item type | Books |
| Withdrawn status | Lost status | Source of classification or shelving scheme | Materials specified (bound volume or other part) | Damaged status | Not for loan | Home library | Current library | Shelving location | Date acquired | Source of acquisition | Full call number | Barcode | Date last seen | Copy number | Price effective from | Koha item type | Total Checkouts |
|---|---|---|---|---|---|---|---|---|---|---|---|---|---|---|---|---|---|
| Dewey Decimal Classification | Donación--15/04/2018-- | Biblioteca Pública José María del Castillo y Rada | Biblioteca Pública José María del Castillo y Rada | General Stacks | 11/28/2019 | Donación | 370.115 / P923i | 430011585 | 05/16/2024 | v.1 / Ej.1 | 11/28/2019 | Books | |||||
| Dewey Decimal Classification | Donación--15/04/2018-- | Biblioteca Pública José María del Castillo y Rada | Biblioteca Pública José María del Castillo y Rada | General Stacks | 11/28/2019 | Donación | 370.115 / P923i | 201810736 | 05/16/2024 | v.1 / Ej.2 | 11/28/2019 | Books |